MARC details
| 000 -LEADER |
| fixed length control field |
00885cam a2200181 4500 |
| 001 - CONTROL NUMBER |
| control field |
WS116500 |
| 008 - FIXED-LENGTH DATA ELEMENTS--GENERAL INFORMATION |
| fixed length control field |
020128n 000 0 eng u |
| 035 ## - SYSTEM CONTROL NUMBER |
| System control number |
(Sirsi) u116500 |
| 245 ## - TITLE STATEMENT |
| Title |
e-Business Clubs |
| 520 ## - SUMMARY, ETC. |
| Summary, etc. |
Web site for these clubs designed to provide UK businesses with the essential information and help they require to integrate e-business into their business processes run in partnership with local chambers of commerce. Includes frequently asked questions about the clubs, details of your nearest club and a discussion forum. |
| 650 ## - SUBJECT ADDED ENTRY--TOPICAL TERM |
| Topical term or geographic name entry element |
MANAGEMENT-BUSINESS MANAGEMENT-INFORMATION MANAGEMENT |
| 650 ## - SUBJECT ADDED ENTRY--TOPICAL TERM |
| Topical term or geographic name entry element |
E-COMMERCE |
| 650 ## - SUBJECT ADDED ENTRY--TOPICAL TERM |
| Topical term or geographic name entry element |
DISCUSSION FORUM |
| 650 ## - SUBJECT ADDED ENTRY--TOPICAL TERM |
| Topical term or geographic name entry element |
BRITISH CHAMBERS OF COMMERCE |
| 690 ## - LOCAL SUBJECT ADDED ENTRY--TOPICAL TERM (OCLC, RLIN) |
| Topical term or geographic name as entry element |
MANAGEMENT-BUSINESS MANAGEMENT |
| 856 40 - ELECTRONIC LOCATION AND ACCESS |
| Uniform Resource Identifier |
<a href="https://www.ebusinessclubs.co.uk">https://www.ebusinessclubs.co.uk</a> |
| Public note |
View the website free of charge at www.ebusinessclubs.co.uk... |
| 942 ## - ADDED ENTRY ELEMENTS (KOHA) |
| Suppress in OPAC |
0 |